• 首页
  • 本馆介绍
  • 公告通知
  • 最新文献
  • 馆藏检索
  • 电子资源
  • 读者导购
  • 参考咨询
  • 我的图书馆
  • 登录
  • 详细信息显示
  • 放入我的书架
  • 预约/预借图书
  • 作者相关作品
  • 分类相关作品
  • 丛书相关作品
  • 出版社相关作品

书目信息

  • 表格格式
  • 工作单格式
  • 卡片格式
题名:
孩子应该懂的小秘密
    
 
作者: 张童 编著
分册:  
出版信息: 哈尔滨   黑龙江科学技术出版社  2015.10
页数: 218页
开本: 24cm
丛书名:
单 册:
中图分类: G479 , G782
科图分类:
主题词: 性教育--儿童教育--家庭教育
电子资源:
ISBN: 978-7-5388-8460-9
000 00852nam0 2200253 450
001 0120151685527
005 20160512145618.18
010    @a978-7-5388-8460-9@dCNY29.80
100    @a20151021d2015 em y0chiy50 ea
101 0  @achi
102    @aCN@b230000
105    @aa z 000yy
106    @ar
200 1  @a孩子应该懂的小秘密@9hai zi ying gai dong de xiao mi mi@f张童编著
210    @a哈尔滨@c黑龙江科学技术出版社@d2015.10
215    @a218页@c图@d24cm
330    @a本书提供了全面、系统的性关怀和性教育的方法。主要内容包括:到底说还是不说——儿童性教育别再“半遮面”;妈妈,我有好多问题想问你——儿童成长过程中的“性烦恼”等。
333    @a家庭父母
606 0  @a性教育@x儿童教育@x家庭教育
690    @aG479@v5
690    @aG782@v5
701  0 @a张童@9zhang tong@4编著
801  0 @aCN@b人天书店@c20151021
905    @b875392-97@dG479@e101@f6
    
    孩子应该懂的小秘密/张童编著.-哈尔滨:黑龙江科学技术出版社,2015.10
    218页:图;24cm
    使用对象:家庭父母
    
    ISBN 978-7-5388-8460-9:CNY29.80
    本书提供了全面、系统的性关怀和性教育的方法。主要内容包括:到底说还是不说——儿童性教育别再“半遮面”;妈妈,我有好多问题想问你——儿童成长过程中的“性烦恼”等。
●
相关链接 在E读中查询图书 在五车中查询图书 在当当中查询图书 在豆瓣中查询图书


正题名:孩子应该懂的小秘密     索取号:G479/101         预约/预借

序号 登录号 条形码 馆藏地/架位号 状态 备注
1 875392   208753927   第一样本阅览室/ [索取号:G479/101] 在馆    
2 875393   208753936   教育系资料室/ [索取号:G479/101] 在馆    
3 875394   208753945   教育系资料室/ [索取号:G479/101] 在馆    
4 875395   208753954   教育系资料室/ [索取号:G479/101] 在馆    
5 875396   208753963   第四借阅区/ [索取号:G479/101] 在馆    
6 875397   208753972   第四借阅区/ [索取号:G479/101] 在馆    
唐山师范学院图书馆 欢迎您!
大连网信软件有限公司© 版权所有